1080 1675 1324 1503 1782 1004 1801 1867 1798 1657 1644 1627 1622 1043 1771 1277 1572 1390 1954 1290 1612 1741 1418 1521 1073 1696 1523 1602 1133 1182 1757 1754 1413 1223 1037 1102 1809 1061 1451 1443 1761 1241 1461 1427 1488 1497 1069 1573 1395 1850 1310 1081 1795 1345 1726 1769 1927 1769 1854 1982 1806 1586 1729 1359 1955 1556 1160 1384 1781 1200 1518 1993 1980 1832 1959 1173 1291 1640 1919 1143 1207 1138 1336 1322 1251 1623 1491 1213 1377 1302 1858 1099 1235 1168 1739 1027 1011 1312 1687 BCNSPRNW ULIB Ver.6.0+V

เปลี่ยนเป็นภาษาไทย

Change to English
 แสดงรายละเอียดบรรณานุกรม
  กลับหน้าหลัก

Brief Record : Get Marc (ISO 2709) : E-mail record : QR code < ปิดหน้าต่าง
LEADER : 00000nam 2200000uu 4500
001    13399112741
003     ULIB
008    110627s2550||||th 000 0 tha d
020    9789748290256
090    นว.^bค774ร 2550
100 0  เคลียร์ ไอซ์
245 00 ร้อยเล่ห์...เพทุบายรัก/^cเคลียร์ ไอซ์
250    พิมพ์ครั้งที่ 2
260    กรุงเทพฯ :^bแจ่มใส,^c2550
300    201 หน้า
710 1  แจ่มใส
945    ^p159^l0^i021012
995    ทศพร
999 ^a ใช้งานได้ทุกระบบ
รายการนี้ยังไม่มีแท็ก
คุณยังไม่ได้ล็อกอิน คุณสามารถมีกิจกรรมร่วมกับเว็บไซต์ได้ แต่ต้องล็อกอินก่อน ::
  ล็อกอิน

รายการสื่อสารสนเทศ

ลำดับที่ ประเภท เลขเรียก/บาร์โค้ด สถานที่ สถานะ
- ไม่พบข้อมูล -

BibComment


ยังไม่เคยถูกคอมเมนท์

คอมเมนท์ทรัพยากรรายการนี้
  คอมเมนท์: ร้อยเล่ห์เพทุบายร..


 Copyright 2026. Bcnsprnw @Library